Catálogo público

Reporte final del viaje de estudios realizado en los estados de Querétaro, Guanajuato, Aguascalientes, San Luis Potosí e Hidalgo / (Record no. 174387)

MARC details
000 -CABECERA
campo de control de longitud fija 02929nam a2200505Ia 4500
001 - NÚMERO DE CONTROL
campo de control dia_3795
003 - IDENTIFICADOR DEL NÚMERO DE CONTROL
campo de control CHAP
005 - FECHA Y HORA DE LA ÚLTIMA TRANSACCIÓN
campo de control 20251029184305.0
007 - CAMPO FIJO DE DESCRIPCIÓN FÍSICA--INFORMACIÓN GENERAL
campo de control de longitud fija ta
008 - DATOS DE LONGITUD FIJA--INFORMACIÓN GENERAL
campo de control de longitud fija 220117s2007 mx abdofr 001 0 spa d
040 ## - FUENTE DE LA CATALOGACIÓN
Centro/agencia transcriptor CHAP
Centro catalogador/agencia de origen mxchpua
090 ## - LOCALMENTE ASIGNADO TIPO-LC NÚMERO DE CLASIFICACIÓN (OCLC); NÚMERO DE CLASIFICACIÓN LOCAL (RLIN)
Número de clasificación (OCLC) (R) ; Numero de clasificación, CALL (RLIN) (NR) T.C.435
Número cutter local (OCLC) ; Número de libro/Signatura topográfica íntegra, CALL (RLIN) B84 IA
Año 2007
245 10 - MENCIÓN DE TÍTULO
Título Reporte final del viaje de estudios realizado en los estados de Querétaro, Guanajuato, Aguascalientes, San Luis Potosí e Hidalgo /
Mención de responsabilidad, etc. coordinadora María Ofelia Buendía González ; colaboradores Alan Roberto Alonso Garrido...[et al.]
260 ## - PUBLICACIÓN, DISTRIBUCIÓN, ETC.
Lugar de publicación, distribución, etc. México :
Nombre del editor, distribuidor, etc. El autor,
Fecha de publicación, distribución, etc. 2007
300 ## - DESCRIPCIÓN FÍSICA
Extensión 165 hojas :
Otras características físicas ilustraciones, mapas, gráficas, diagramas, tablas, fotos
336 ## - TIPO DE CONTENIDO
Fuente rdacontent
Término de tipo de contenido texto
Código de tipo de contenido txt
337 ## - TIPO DE MEDIO
Fuente rdamedia
Nombre/término del tipo de medio sin medio
Código del tipo de medio n
338 ## - TIPO DE SOPORTE
Fuente rdacarrier
Nombre/término del tipo de soporte volumen
Código del tipo de soporte nc
500 ## - NOTA GENERAL
Nota general 4° año Grupo 3<br/>Directorio: hojas 162-165
502 ## - NOTA DE TESIS
Nota de tesis Viaje de Estudios
Tipo de título (IA) --
Nombre de la institución que otorga el título UACh. Departamento de Ingeniería Agroindustrial,
Año de obtención del título 2007
505 ## - NOTA DE CONTENIDO CON FORMATO
Título Empresas visitadas: -- <br/>1. Cava Freixenet de México (Vinos) -- <br/>2. Cristalita, S. A. de C. V. -- <br/>3. Cremería y Quesería Aguascalientes -- <br/>4. Panificadora Trico, S. A. de C. V. -- <br/>5. Empacadora de carnes UGASA -- <br/>6. Tenería Cruz -- <br/>7. Productos Selectos Belén -- <br/>8. Gamesa - Quaker, S. A. de C. V. -- <br/>9. Rastro de aves -- <br/>10. COVEMEX, S. A. de C. V. -- .<br/>11. Azteca del Bajio, S. A. de C. V. -- <br/>12. Deshidratadora Trejo Pérez Hermanos -- <br/>13. Fábrica de Cajeta, La Reyna -- <br/>14. CIA. Cervecera de Zacatecas, S. A. de C. V. -- <br/>15. Semillas Berentsen -- <br/>16. Harinera Queretana, S. A. de C. V. -- <br/>17. Congeladora Niño, S. A. de C. V. -- <br/>18. FRUSEC Frutas selectas de Calvillo, S. A. de C.V . -- <br/>19. Alimentos balanceados CONCENTRA -- <br/>20. BIMBO, S.A. de C. V. -- <br/>21. Galleta típica potosina -- <br/>22. Sta Clara -- <br/>23. Fábricas de Exquitla, S. A. de C. V. (Sidra el POMAR)
650 10 - PUNTO DE ACCESO ADICIONAL DE MATERIA--TÉRMINO DE MATERIA
Término de materia o nombre geográfico como elemento de entrada Industria agrícola
Subdivisión geográfica México
9 (RLIN) 148371
650 10 - PUNTO DE ACCESO ADICIONAL DE MATERIA--TÉRMINO DE MATERIA
Término de materia o nombre geográfico como elemento de entrada Industria de los alimentos
Subdivisión geográfica México
9 (RLIN) 151398
650 10 - PUNTO DE ACCESO ADICIONAL DE MATERIA--TÉRMINO DE MATERIA
Término de materia o nombre geográfico como elemento de entrada Industria del ganado y de la carne
Subdivisión geográfica México
9 (RLIN) 147829
650 10 - PUNTO DE ACCESO ADICIONAL DE MATERIA--TÉRMINO DE MATERIA
Término de materia o nombre geográfico como elemento de entrada Industria del vino
Subdivisión geográfica México
9 (RLIN) 149529
650 10 - PUNTO DE ACCESO ADICIONAL DE MATERIA--TÉRMINO DE MATERIA
Término de materia o nombre geográfico como elemento de entrada Industria molinera
Subdivisión geográfica México
9 (RLIN) 155367
650 10 - PUNTO DE ACCESO ADICIONAL DE MATERIA--TÉRMINO DE MATERIA
Término de materia o nombre geográfico como elemento de entrada Industria panadera
Subdivisión geográfica México
9 (RLIN) 155368
650 10 - PUNTO DE ACCESO ADICIONAL DE MATERIA--TÉRMINO DE MATERIA
Término de materia o nombre geográfico como elemento de entrada Industria quesera
Subdivisión geográfica México
9 (RLIN) 155201
650 13 - PUNTO DE ACCESO ADICIONAL DE MATERIA--TÉRMINO DE MATERIA
Término de materia o nombre geográfico como elemento de entrada Agricultural industry
Subdivisión geográfica Mexico
650 13 - PUNTO DE ACCESO ADICIONAL DE MATERIA--TÉRMINO DE MATERIA
Término de materia o nombre geográfico como elemento de entrada Bakery industry
9 (RLIN) 155366
Subdivisión geográfica Mexico
650 10 - PUNTO DE ACCESO ADICIONAL DE MATERIA--TÉRMINO DE MATERIA
Término de materia o nombre geográfico como elemento de entrada Food industry
Subdivisión geográfica Mexico
9 (RLIN) 151397
650 13 - PUNTO DE ACCESO ADICIONAL DE MATERIA--TÉRMINO DE MATERIA
Término de materia o nombre geográfico como elemento de entrada Livestock and meat industry
9 (RLIN) 155369
Subdivisión geográfica Mexico
650 10 - PUNTO DE ACCESO ADICIONAL DE MATERIA--TÉRMINO DE MATERIA
Término de materia o nombre geográfico como elemento de entrada Cheese industry
9 (RLIN) 154162
Subdivisión geográfica Mexico
650 10 - PUNTO DE ACCESO ADICIONAL DE MATERIA--TÉRMINO DE MATERIA
Término de materia o nombre geográfico como elemento de entrada Milling industry
Subdivisión geográfica Mexico
9 (RLIN) 155370
650 13 - PUNTO DE ACCESO ADICIONAL DE MATERIA--TÉRMINO DE MATERIA
Término de materia o nombre geográfico como elemento de entrada Wine industry
9 (RLIN) 150302
Subdivisión geográfica Mexico
700 1# - PUNTO DE ACCESO ADICIONAL--NOMBRE DE PERSONA
Nombre de persona Buendía González, María Ofelia
9 (RLIN) 150532
Término indicativo de función/relación coordinador
700 ## - PUNTO DE ACCESO ADICIONAL--NOMBRE DE PERSONA
Nombre de persona Alonso Garrido, Alan Roberto
9 (RLIN) 155371
Término indicativo de función/relación colaborador
942 ## - ELEMENTOS DE PUNTO DE ACCESO ADICIONAL (KOHA)
Fuente del sistema de clasificación o colocación Clasificación Universidad Autónoma de Chapingo
901 ## - ELEMENTOS DE DATOS A LOCAL LDA (RLIN)
a T.C.435 B84 IA 2007
902 ## - ELEMENTOS DE DATOS B LOCAL, LDB (RLIN)
a M
905 ## - ELEMENTOS DE DATOS E LOCAL, LDE (RLIN)
a 5232272007 mx dbma8223123322spa16
942 ## - ELEMENTOS DE PUNTO DE ACCESO ADICIONAL (KOHA)
Tipo de ítem Koha Viaje de Estudios
Holdings
Estado de retiro Estado de pérdida Fuente del sistema de clasificación o colocación Estado dañado Restricciones de uso No para préstamo Código de colección Localización permanente Ubicación/localización actual Fecha de adquisición Fuente de adquisición Total de préstamos Signatura topográfica completa Código de barras Fecha visto por última vez Número de copia Precio válido a partir de Tipo de ítem Koha
    Clasificación Universidad Autónoma de Chapingo   Préstamo interno   Viajes de Estudio Ingenieria Agroindustrial Ingenieria Agroindustrial 18/01/2022 El autor   T.C.435 B84 IA 2007 1106008611 26/01/2026 Ej. 1 18/01/2022 Viaje de Estudios
    Clasificación Universidad Autónoma de Chapingo   Préstamo 5 días   Viajes de Estudio Ingenieria Agroindustrial Ingenieria Agroindustrial 18/01/2022 El autor   T.C.435 B84 IA 2007 1106016421 06/03/2026 Ej. 2 18/01/2022 Viaje de Estudios